Analog integrated cirkuit design

Gespeichert in:
Bibliographische Detailangaben
1. Verfasser: Grebene, Alan B. (Verfasst von)
Format: Buch
Sprache:Englisch
Veröffentlicht: New York : Van Nostrand Reinhold, 1972
Tags: Tag hinzufügen
Keine Tags, Fügen Sie das erste Tag hinzu!

MARC

LEADER 00000nam a22000003a 4500
001 stu202356
005 20150617230108.4
008 100416s1972----xxu-----------------eng-d
040 |a STU  |b slo 
041 0 |a eng 
044 |a xxu 
080 |a 621.382.049.75 
080 |a 681.33 
100 1 |a Grebene, Alan B.  |4 aut 
245 1 |a Analog integrated cirkuit design 
260 |a New York :  |b Van Nostrand Reinhold,  |c 1972 
300 |a 11, 401 s 
996 |b E32003  |c E*32003  |l EE11  |s P  |a 0  |w stu202356_0001 
996 |b E40410  |c E*40410  |l EE11  |s P  |a 0  |w stu202356_0003